000 00429nmm a2200145Ia 4500
008 251105s9999||||xx |||||||||||||||||und||
020 _a9789585790179
041 _aspa
100 _aPaternina Cruz, José Dolores
245 0 _aCuriosidades de Chimá y Montería
264 _a[Bogotá, Colombia] :
_bEditorial Zenú,
_c2013
300 _a136 páginas
856 _uhttps://public.digitaliapublishing.com/a/37343
942 _cCF
999 _c95190
_d95190